[Event "Malakhatko Memorial op"]
[Site "Chess.com INT"]
[Date "2023.06.14"]
[Round "6"]
[White "Baluh, Alina"]
[Black "Sakovski, Roman"]
[Result "1-0"]
[WhiteElo "1268"]
[BlackElo "1732"]
[PlyCount "111"]
[EventDate "2023.06.14"]
[EventType "swiss (blitz)"]
[EventRounds "11"]
[EventCountry "USA"]
[SourceTitle "CBM 214 Extra"]
[Source "ChessBase"]
[SourceDate "2023.07.31"]
[SourceVersion "1"]
[SourceVersionDate "2023.07.31"]
[SourceQuality "1"]

1. e4 c5 2. Nf3 Nc6 3. c3 e5 4. d4 cxd4 5. cxd4 exd4 6. Nxd4 Bb4+ 7. Nc3 Nf6 8. Nxc6 bxc6 9. Bd3 0-0 10. 0-0 Re8 11. f3 Bxc3 12. bxc3 d5 13. Bg5 Qb6+ 14. Kh1 Nd7 15. Qd2 Nf8 16. Rab1 Qc7 17. Bf4 Qd7 18. Rfd1 Ne6 19. Bg3 d4 20. cxd4 Qxd4 21. Bc2 Qxd2 22. Rxd2 Ba6 23. Bb3 Bb5 24. Rbd1 a5 25. a4 Ba6 26. Rd6 Nc5 27. Bc2 Kf8 28. Rxc6 Ne6 29. Bd6+ Kg8 30. Ba3 Bb7 31. Rc3 Rac8 32. Rxc8 Rxc8 33. Bb3 h6 34. Bb2 Ba6 35. h3 Kf8 36. Rd5 Rb8 37. Ba3+ Ke8 38. Bc2 Bc4 39. Rxa5 Bb3 40. Bxb3 Rxb3 41. Bd6 Kd7 42. Bg3 Rb1+ 43. Kh2 Ng5 44. h4 Ne6 45. Ra7+ Ke8 46. a5 Rb2 47. a6 Nd4 48. Kh3 Rb1 49. Ra8+ Kd7 50. Bf2 Rh1+ 51. Kg3 Ne2+ 52. Kg4 g6 53. f4 h5+ 54. Kf3 Nc3 55. a7 Ra1 56. Rf8 1-0

[Event "Lvov Christmas op"]
[Site "Lvov"]
[Date "2022.12.30"]
[Round "4"]
[White "Baluh, Alina"]
[Black "Tsehelskyy, Mykhailo"]
[Result "1-0"]
[WhiteElo "1217"]
[BlackElo "1866"]
[PlyCount "65"]
[EventDate "2022.12.30"]
[EventType "swiss (rapid)"]
[EventRounds "7"]
[EventCountry "UKR"]
[SourceTitle "CBM 211 Extra"]
[Source "ChessBase"]
[SourceDate "2023.01.31"]
[SourceVersion "1"]
[SourceVersionDate "2023.01.31"]
[SourceQuality "1"]

1. e4 c5 2. Nf3 d6 3. Bb5+ Bd7 4. Bxd7+ Qxd7 5. d4 Qg4 6. Qe2 Qxg2 7. Rg1 Qh3 8. dxc5 dxc5 9. Qb5+ Qd7 10. Qxc5 e6 11. Qc4 Nc6 12. Nc3 Rc8 13. Qe2 Nf6 14. Be3 Bb4 15. Bd2 0-0 16. a3 Ba5 17. Rd1 Rfd8 18. b4 Bb6 19. Bh6 Nd4 20. Nxd4 Bxd4 21. Nb5 Bxf2+ 22. Kxf2 Nxe4+ 23. Qxe4 Qxd1 24. Rxd1 Rxd1 25. Be3 a6 26. Nd4 b5 27. Qb7 Re8 28. Qxa6 e5 29. Nb3 Rd5 30. Qc6 Red8 31. Bb6 R5d6 32. Qc7 R6d7 33. Qxd8+ 1-0